Thực phẩm và dinh dưỡng hàng ngày đối với sức khỏe

Uloženo v:
Podrobná bibliografie
Hlavní autor: Minh, Phương (Biên Soạn)
Médium: Kniha
Vydáno: Hà Nội Lao động 2009
Témata:
Tagy: Přidat tag
Žádné tagy, Buďte první, kdo otaguje tento záznam!
Thư viện lưu trữ: Trung tâm Học liệu Lê Vũ Hùng, Trường Đại học Đồng Tháp
LEADER 00837pam a22002898a 4500
001 00035629
008 161215s2009 ||||||Viesd
005 20171026081025.0
020 |c 45000 
041 0 # |a Vie 
082 1 4 |a 613.2  |b TH552PH 
100 0 # |e Biên Soạn  |a Minh, Phương 
245 0 0 |a Thực phẩm và dinh dưỡng hàng ngày đối với sức khỏe  |c Minh Phương 
260 # # |a Hà Nội  |b Lao động  |c 2009 
300 # # |a 309tr.  |c 21 cm. 
653 # # |a Dinh dưỡng 
653 # # |a Sức khỏe 
653 # # |a thực phẩm 
653 # # |a Ẩm thực 
852 # # |b Kho đọc  |j KD.0019191 
852 # # |j KD.0019191 
910 0 # |d 15/12/2016 
980 # # |a Trung tâm Học liệu Lê Vũ Hùng, Trường Đại học Đồng Tháp